000 00301nam a22001337a 4500
008 170925b xxu||||| |||| 00| 0 eng d
020 _a9780787957001
041 _aeng
080 _a37
100 _a46
101 _aEDU
245 _aCREATING CAMPUS COMMUNITY
_cMCDONALD.W.M
942 _2udc
_cBK
999 _c29471
_d29471